[Event "St Louis Fall B 2019"]
[Site "Saint Louis USA"]
[Date "2019.09.14"]
[Round "5.3"]
[White "Quesada Perez, Yasser"]
[Black "Grigoryan, Avetik"]
[Result "1-0"]
[WhiteTitle "GM"]
[BlackTitle "GM"]
[WhiteElo "2572"]
[BlackElo "2568"]
[WhiteFideId "3509362"]
[BlackFideId "13302191"]
[EventDate "2019.09.10"]

1. e4 c5 2. Nc3 Nc6 3. Bb5 Nd4 4. Nf3 e6 5. O-O a6 6. Bd3 Nc6 7. b3 d6 8. Bb2
Nf6 9. Re1 Nd7 10. Ne2 Nde5 11. Nc1 Nxd3 12. Nxd3 e5 13. c3 g5 14. Kh1 Bg7 15.
Ng1 O-O 16. f3 f5 17. exf5 Bxf5 18. Nf2 Qd7 19. Ne2 Rae8 20. Ng3 Bg6 21. c4 Rf7
22. Nge4 h6 23. d3 Ref8 24. Qd2 Nd4 25. Bxd4 exd4 26. b4 Qc7 27. Qb2 Re8 28.
Rab1 Re6 29. Qa3 Bf8 30. b5 axb5 31. Rxb5 Re8 32. Reb1 Bf5 33. Qa5 Qxa5 34. Rxa5
Kg7 35. Ra7 Bc8 36. h3 Rd7 37. Ra8 Rc7 38. Rb6 Rc6 39. Rxc6 bxc6 40. Ng4 Be7 41.
Ra7 Kg6 42. Rc7 h5 43. Ngf2 Kf5 44. Rxc6 Kf4 45. Rb6 Bf5 46. Kg1 g4 47. fxg4
hxg4 48. g3+ Ke3 49. Rb1 gxh3 50. Re1+ Kf3 51. g4 Bg6 52. Nd2+ Kg3 53. Nf1+ Kf3
54. Re6 Bf7 55. Re4 Bg5 56. Nh2+ Kg3 57. Nh1+ Kh4 58. Nf3# 1-0

[Event "St Louis Fall B 2019"]
[Site "Saint Louis USA"]
[Date "2019.09.14"]
[Round "5.4"]
[White "Kadric, Denis"]
[Black "Fier, Alexandr"]
[Result "1-0"]
[WhiteTitle "GM"]
[BlackTitle "GM"]
[WhiteElo "2558"]
[BlackElo "2549"]
[WhiteFideId "14403803"]
[BlackFideId "2107139"]
[EventDate "2019.09.10"]

1. e4 c5 2. Nc3 Nc6 3. Bb5 Nd4 4. Nf3 Nxb5 5. Nxb5 a6 6. Nc3 b5 7. d4 cxd4 8.
Qxd4 e6 9. Bf4 Bb7 10. O-O-O Nf6 11. Rhe1 Be7 12. Bd6 Bxd6 13. Qxd6 Rc8 14. Nd4
g6 15. e5 Ng4 16. f3 Nh6 17. Ne4 Bxe4 18. Rxe4 Nf5 19. Nxf5 gxf5 20. Red4 a5 21.
R1d2 b4 22. Qxd7+ Qxd7 23. Rxd7 O-O 24. f4 Rc4 25. R7d4 Rc5 26. b3 Kg7 27. Rd8
Rxd8 28. Rxd8 h5 29. Rd6 h4 30. Rd3 Rc8 31. Rh3 Rh8 32. c4 bxc3 33. Kc2 f6 34.
exf6+ Kxf6 35. Rxc3 Rg8 36. g3 Ke7 37. Rd3 Rc8+ 38. Kb2 Rb8 39. a3 hxg3 40. hxg3
Rb5 41. Kc3 Rc5+ 42. Kd4 Kd6 43. b4 axb4 44. axb4 Rc1 45. Ra3 Rd1+ 46. Kc4 Re1
47. Kb5 Kc7 48. Ra7+ Kd6 49. Ra3 Kc7 50. Ka6 e5 51. b5 Kb8 52. fxe5 Rxe5 53. Rf3
Re6+ 54. b6 Rf6 55. g4 f4 56. g5 Rf8 57. g6 Kc8 58. g7 Rg8 59. Rxf4 Rxg7 60.
Rf8+ 1-0

[Event "St Louis Fall B 2019"]
[Site "Saint Louis USA"]
[Date "2019.09.14"]
[Round "5.5"]
[White "Mikhalevski, Victor"]
[Black "Hambleton, Aman"]
[Result "1-0"]
[WhiteTitle "GM"]
[BlackTitle "GM"]
[WhiteElo "2578"]
[BlackElo "2492"]
[WhiteFideId "2801914"]
[BlackFideId "2606577"]
[EventDate "2019.09.10"]

1. c4 c5 2. g3 e6 3. Nf3 b6 4. Bg2 Bb7 5. O-O Nf6 6. Nc3 a6 7. Re1 d6 8. e4 Be7
9. d4 cxd4 10. Nxd4 Qc7 11. Be3 O-O 12. Rc1 Nbd7 13. f4 Rfe8 14. g4 Nc5 15. Bf2
g6 16. Bg3 e5 17. fxe5 dxe5 18. Nd5 Nxd5 19. cxd5 Bd6 20. Nc2 Qe7 21. Ne3 b5 22.
Rf1 Rac8 23. Rc2 Nd7 24. Rcf2 Bc5 25. Rf3 Rf8 26. Kh1 Rcd8 27. Qe1 f6 28. g5
fxg5 29. Bh3 Rf4 30. Be6+ Kg7 31. Rxf4 exf4 32. Ng4 Nf6 33. Qc3 Bd4 34. Qxd4
Qxe6 35. Nxf6 Qxf6 36. Qd3 Qe7 37. Be1 h5 38. Bc3+ Kh6 39. Qd4 Re8 40. Kg1 h4
41. h3 b4 42. Bxb4 Qd7 43. Rf3 Kh5 44. Qf6 Qh7 45. Rc3 Bc8 46. Rxc8 Rxc8 47. Be7
Qh6 48. d6 Rc1+ 49. Kf2 Rc2+ 50. Ke1 1-0

[Event "St Louis Fall B 2019"]
[Site "Saint Louis USA"]
[Date "2019.09.15"]
[Round "6.1"]
[White "Zierk, Steven"]
[Black "Hambleton, Aman"]
[Result "1-0"]
[WhiteTitle "GM"]
[BlackTitle "GM"]
[WhiteElo "2517"]
[BlackElo "2492"]
[WhiteFideId "2034255"]
[BlackFideId "2606577"]
[EventDate "2019.09.10"]

1. d4 e5 2. dxe5 Nc6 3. Nf3 Qe7 4. Bf4 Qb4+ 5. Bd2 Qxb2 6. Nc3 Bb4 7. Rb1 Qxc3
8. Bxc3 Bxc3+ 9. Nd2 Bxe5 10. e3 Nf6 11. Bb5 O-O 12. O-O d5 13. Nf3 Bd6 14. c4
Ne7 15. cxd5 Nexd5 16. Qb3 Nb6 17. Qc2 a6 18. Bd3 Re8 19. Ng5 g6 20. Ne4 Nxe4
21. Bxe4 Rb8 22. Rfd1 Nd7 23. Rbc1 Nc5 24. Bd5 Be6 25. Bxe6 Rxe6 26. h4 h5 27.
Rd5 b6 28. Rcd1 Rbe8 29. R1d4 Ne4 30. Rc4 Nf6 31. Rdd4 R8e7 32. Qd1 Kg7 33. Kf1
a5 34. Rc6 Ne4 35. Qc2 Kh7 36. g3 Kg7 37. Kg2 Kg8 38. f3 Nc5 39. e4 f5 40. Rdxd6
cxd6 41. Rc8+ Kf7 42. Qc1 fxe4 43. Qf4+ Rf6 44. Rf8+ Kxf8 45. Qxf6+ Ke8 46.
Qxg6+ Kd7 47. fxe4 Re5 48. g4 hxg4 49. Qxg4+ Ke7 50. h5 Nxe4 51. Qg7+ Ke6 52.
Qg8+ Ke7 53. Qh7+ Ke6 54. h6 Rg5+ 55. Kf1 Nf6 56. Qc2 Kf7 57. Qc7+ Kg6 58. Qg7+
Kf5 59. Qf8 Kg6 60. Qg7+ Kf5 61. Qf8 Kg6 62. a4 Rh5 63. Qg7+ Kf5 64. Ke2 Rg5 65.
Qf8 Ke6 66. h7 Re5+ 67. Kd1 Nxh7 68. Qg8+ Kd7 69. Qxh7+ Kc6 70. Qa7 Rd5+ 71. Ke2
Rd4 72. Qe7 Rb4 73. Qe6 Kc7 74. Kd3 Kc6 75. Qc8+ Kd5 76. Kc3 Ke5 77. Qg8 d5 78.
Qb8+ Ke6 79. Qd8 Rc4+ 80. Kd3 Rb4 81. Qc7 Rb3+ 82. Kd2 Rb4 83. Ke3 Re4+ 84. Kf2
Rb4 85. Kf3 Kf5 86. Qf7+ Ke5 87. Qe7+ Kd4 88. Qc7 Kd3 89. Qc6 d4 90. Qc1 Rb3 91.
Kf4 Rb4 92. Ke5 Ke2 93. Qc2+ Ke3 94. Qd1 b5 95. Qe1+ Kd3 96. Qf1+ Kc2 97. Qe2+
Kc3 98. axb5 d3 99. Qf3 Rxb5+ 100. Ke4 Rb4+ 101. Ke3 Rb3 102. Qc6+ Kb4 103. Qb6+
Ka4 104. Qc5 Rb4 105. Kxd3 Rb3+ 106. Kc2 Rb2+ 107. Kc1 Rb3 108. Qd5 Kb4 109. Kc2
a4 110. Qc6 Ka3 111. Qc5+ Ka2 112. Qc4 Ka3 113. Qd4 Rb5 114. Qa1+ 1-0

[Event "St Louis Fall B 2019"]
[Site "Saint Louis USA"]
[Date "2019.09.15"]
[Round "6.3"]
[White "Grigoryan, Avetik"]
[Black "Kadric, Denis"]
[Result "1/2-1/2"]
[WhiteTitle "GM"]
[BlackTitle "GM"]
[WhiteElo "2568"]
[BlackElo "2558"]
[WhiteFideId "13302191"]
[BlackFideId "14403803"]
[EventDate "2019.09.10"]

1. e4 d6 2. f4 Nf6 3. Nc3 g6 4. Bc4 e6 5. Bb3 d5 6. d3 dxe4 7. dxe4 Qxd1+ 8.
Kxd1 b6 9. Nf3 Bb4 10. Bd2 O-O 11. e5 Bxc3 12. Bxc3 Rd8+ 13. Ke1 Nd5 14. Bxd5
exd5 15. h3 c5 16. g4 d4 17. Bd2 Bb7 18. Kf2 Nd7 19. Rae1 c4 20. Bb4 Nc5 21.
Bxc5 bxc5 22. e6 fxe6 23. Rxe6 Rab8 24. b3 cxb3 25. cxb3 Bd5 26. Re7 c4 27. bxc4
Rb2+ 28. Kg3 Bxf3 29. Kxf3 Rxa2 30. Rb1 d3 31. Rbb7 d2 32. Rg7+ Kf8 33. Rgf7+
Kg8 34. Rg7+ Kf8 35. Rbf7+ Ke8 36. Re7+ 1/2-1/2

[Event "St Louis Fall B 2019"]
[Site "Saint Louis USA"]
[Date "2019.09.15"]
[Round "6.4"]
[White "Petrosyan, Manuel"]
[Black "Quesada Perez, Yasser"]
[Result "1/2-1/2"]
[WhiteTitle "GM"]
[BlackTitle "GM"]
[WhiteElo "2613"]
[BlackElo "2572"]
[WhiteFideId "13300857"]
[BlackFideId "3509362"]
[EventDate "2019.09.10"]

1. c4 e5 2. Nc3 Nc6 3. Nf3 g6 4. d4 exd4 5. Nxd4 Bg7 6. Be3 Nge7 7. Nxc6 bxc6 8.
Bd4 O-O 9. Bxg7 Kxg7 10. Qd4+ f6 11. Rd1 Nf5 12. Qf4 c5 13. e3 d6 14. Bd3 Rb8
15. Bxf5 Bxf5 16. Rd2 Bd7 17. O-O Bc6 18. e4 Rb4 19. b3 a5 20. Rd3 Re8 21. Nd5
Bxd5 22. exd5 a4 23. Qd2 axb3 24. axb3 Rb8 25. Re1 Qd7 26. Rde3 Rxe3 27. Qxe3
Kf7 28. Qh6 Kg8 29. Qe3 Kf7 30. Qh6 Kg8 31. Qe3 Kf7 1/2-1/2

[Event "St Louis Fall B 2019"]
[Site "Saint Louis USA"]
[Date "2019.09.16"]
[Round "7.1"]
[White "Hakobyan, Aram"]
[Black "Zierk, Steven"]
[Result "1-0"]
[WhiteTitle "GM"]
[BlackTitle "GM"]
[WhiteElo "2550"]
[BlackElo "2517"]
[WhiteFideId "13306677"]
[BlackFideId "2034255"]
[EventDate "2019.09.10"]

1. Nf3 d5 2. g3 Nf6 3. Bg2 c6 4. O-O Bf5 5. d3 h6 6. c4 e6 7. cxd5 exd5 8. Qb3
Qb6 9. Qc2 Be7 10. Nc3 O-O 11. e4 Bh7 12. Be3 Qa6 13. Rfd1 Nbd7 14. exd5 Nxd5
15. Nxd5 cxd5 16. Qb3 Nf6 17. Bh3 Rfd8 18. Rac1 Ne8 19. Nd4 Bg5 20. f4 Bf6 21.
Nb5 d4 22. Bf2 Qb6 23. Rc2 Rab8 24. Qa4 a6 25. Nc3 Qc5 26. Bf1 Rbc8 27. Rdc1 Qc6
28. Qxc6 Rxc6 29. Ne4 Rxc2 30. Nxf6+ Nxf6 31. Rxc2 Nd5 32. Bxd4 Bf5 33. Rc5 Be6
34. Ra5 Ne7 35. Bc5 Nc6 36. Ra3 Rd5 37. Rc3 Nd4 38. Kf2 Nb5 39. Rc1 Rd7 40. a4
Nd4 41. b4 Nb3 42. Rc3 Nxc5 43. bxc5 Rd4 44. Bg2 Rb4 45. Ke3 Bd7 46. a5 Bc6 47.
Bxc6 bxc6 48. d4 Kf8 49. d5 Ke7 50. d6+ Kd8 51. Kd3 Rb5 52. Kc4 Rxa5 53. Re3
Ra4+ 54. Kb3 Ra5 55. Kb4 Rb5+ 56. Kc4 Rb7 57. Ra3 Ra7 58. Rb3 Kc8 59. Rb6 Kd7
60. Rb8 a5 61. Rf8 Ke6 62. Re8+ Kf6 63. Kb3 1-0

[Event "St Louis Fall B 2019"]
[Site "Saint Louis USA"]
[Date "2019.09.16"]
[Round "7.2"]
[White "Quesada Perez, Yasser"]
[Black "Shtembuliak, Evgeny"]
[Result "0-1"]
[WhiteTitle "GM"]
[BlackTitle "GM"]
[WhiteElo "2572"]
[BlackElo "2548"]
[WhiteFideId "3509362"]
[BlackFideId "14113325"]
[EventDate "2019.09.10"]

1. e4 g6 2. d4 Bg7 3. Nf3 d6 4. Bc4 Nf6 5. Qe2 O-O 6. e5 dxe5 7. dxe5 Nd5 8. h3
Be6 9. O-O Nd7 10. Bd2 c6 11. Nc3 Qc7 12. Rfe1 N7b6 13. Bb3 a5 14. Qe4 Nxc3 15.
Bxc3 Bd5 16. Bxd5 cxd5 17. Qg4 e6 18. h4 h5 19. Qf4 Qc4 20. Bd4 Nc8 21. b3 Qxc2
22. Rac1 Qf5 23. Qxf5 gxf5 24. Rc7 Na7 25. Rxb7 Nc6 26. Bc5 Rfb8 27. Rxb8+ Rxb8
28. Bd6 Rb6 29. Ng5 f4 30. Rc1 Bh6 31. Nf3 Bf8 32. Bc7 Ra6 33. a4 Be7 34. Kh2
Kf8 35. Ng5 Ke8 36. Bd6 Bxd6 37. exd6 Ne5 38. Nh3 Ng4+ 39. Kg1 e5 40. Rc5 Kd7
41. Rxd5 Rxd6 42. Rxd6+ Kxd6 43. Ng5 f5 44. Nf7+ Ke7 45. Ng5 Kd6 46. Nf7+ Kd5
47. Kf1 Nf6 48. Ke2 Ne4 49. b4 axb4 50. a5 Nc5 51. Ng5 e4 52. Nh3 Ne6 53. Kd1
Kc6 54. a6 Kb6 55. Ng5 Nd4 56. Nh3 e3 57. Ke1 Ne6 58. Kd1 b3 0-1

[Event "St Louis Fall B 2019"]
[Site "Saint Louis USA"]
[Date "2019.09.16"]
[Round "7.3"]
[White "Kadric, Denis"]
[Black "Petrosyan, Manuel"]
[Result "0-1"]
[WhiteTitle "GM"]
[BlackTitle "GM"]
[WhiteElo "2558"]
[BlackElo "2613"]
[WhiteFideId "14403803"]
[BlackFideId "13300857"]
[EventDate "2019.09.10"]

1. e4 e5 2. Nf3 Nc6 3. Nc3 Nf6 4. Bb5 Bb4 5. O-O O-O 6. d3 Bxc3 7. bxc3 d6 8.
Re1 h6 9. d4 Bd7 10. Rb1 b6 11. h3 Re8 12. Bd3 Nh7 13. Re3 Qf6 14. d5 Ne7 15.
Nh2 Ng6 16. Rg3 a5 17. Ng4 Qh4 18. Ne3 Nf4 19. Bb5 Bxb5 20. Rxg7+ Kh8 21. Rxb5
Rg8 22. Rg4 Nxh3+ 23. Kh2 Qxf2 24. Kxh3 Rg5 25. Rxg5 Nxg5+ 26. Kh2 Qh4+ 27. Kg1
Rg8 28. Qe2 Qxe4 29. Kf1 f5 30. Qc4 f4 31. Qxe4 Nxe4 32. Nd1 Ng3+ 33. Kf2 Rg5
34. Kf3 Nf5 35. g4 Nh4+ 36. Ke2 Rxg4 37. Nf2 Rg1 38. Bd2 Nf5 39. Kd3 Rf1 40. Ne4
Ng3 0-1

[Event "St Louis Fall B 2019"]
[Site "Saint Louis USA"]
[Date "2019.09.16"]
[Round "7.4"]
[White "Mikhalevski, Victor"]
[Black "Grigoryan, Avetik"]
[Result "1/2-1/2"]
[WhiteTitle "GM"]
[BlackTitle "GM"]
[WhiteElo "2578"]
[BlackElo "2568"]
[WhiteFideId "2801914"]
[BlackFideId "13302191"]
[EventDate "2019.09.10"]

1. Nf3 Nf6 2. g3 g6 3. d4 c5 4. c3 b6 5. Bg2 Bb7 6. O-O Bg7 7. dxc5 bxc5 8. Qb3
Bd5 9. Qa3 d6 10. Re1 Nbd7 11. Nbd2 O-O 12. e4 Bc6 13. Qa6 Qb6 14. Qe2 Qb7 15.
Nh4 Nb6 16. f4 Nfd7 17. Nhf3 e6 18. h4 e5 19. fxe5 Nxe5 20. Nb3 a5 21. Nxe5 Bxe5
22. Bf4 Qe7 23. Bxe5 Qxe5 24. Kh2 a4 25. Nc1 c4 26. Qf2 Nd7 27. Ne2 Nf6 28. Qf4
Bxe4 29. Nd4 Qxf4 30. gxf4 Bxg2 31. Kxg2 Nd5 32. f5 Rfb8 33. Rab1 Rb6 34. Kf3
Rab8 35. Rbd1 Nf6 36. Re7 d5 37. Nc2 Rxb2 38. Nb4 Ra8 39. fxg6 hxg6 40. Nxd5
Nxd5 41. Rxd5 Ra6 42. h5 Rxa2 43. hxg6 Rxg6 44. Ra5 Rf6+ 45. Ke3 Rd6 46. Rc7
Rd3+ 47. Ke4 Re2+ 48. Kf4 Rxc3 49. Rxa4 Rec2 50. Ra8+ Kg7 51. Rac8 Rc1 52. Rc5
R3c2 53. R8c7 c3 54. Kg3 Rg1+ 55. Kf3 Rf1+ 56. Kg3 Rfc1 57. R5c6 Rg1+ 58. Kf3
Rh1 59. Kg3 Rhc1 60. Rc5 Kg6 61. R7c6+ f6 62. Rc7 Kh6 63. R7c6 Kg7 64. Rc7+ Kg6
65. R7c6 Rg1+ 66. Kf3 Rh1 67. Kg3 Rch2 68. Rxc3 Kg5 69. Rc8 Rh3+ 70. Kg2 R1h2+
71. Kg1 Rh1+ 72. Kg2 R1h2+ 73. Kg1 Rh7 74. R8c5+ f5 75. Rf3 Rh1+ 76. Kg2 R1h2+
77. Kg1 Rh1+ 78. Kg2 R7h2+ 79. Kg3 Rh3+ 80. Kg2 R1h2+ 81. Kg1 Rxf3 82. Kxh2 Kg4
83. Kg2 Rg3+ 84. Kf2 Ra3 85. Rc8 Ra2+ 86. Kf1 Ra3 87. Kf2 Rf3+ 88. Kg2 Rg3+ 89.
Kf2 Rb3 90. Ra8 Rf3+ 91. Kg2 Rd3 92. Kf2 Rf3+ 93. Kg2 Rc3 94. Kf2 Rc2+ 95. Kf1
Rd2 96. Ra3 Kf4 97. Rb3 Ke4 98. Ra3 Rd3 99. Rxd3 Kxd3 100. Kf2 Ke4 101. Ke2 1/2-1/2

[Event "St Louis Fall B 2019"]
[Site "Saint Louis USA"]
[Date "2019.09.16"]
[Round "7.5"]
[White "Hambleton, Aman"]
[Black "Fier, Alexandr"]
[Result "1/2-1/2"]
[WhiteTitle "GM"]
[BlackTitle "GM"]
[WhiteElo "2492"]
[BlackElo "2549"]
[WhiteFideId "2606577"]
[BlackFideId "2107139"]
[EventDate "2019.09.10"]

1. d4 g6 2. c4 Nf6 3. Nc3 d5 4. cxd5 Nxd5 5. e4 Nxc3 6. bxc3 Bg7 7. Be3 c5 8.
Nf3 Qa5 9. Qd2 O-O 10. Rc1 Rd8 11. d5 e6 12. Be2 Nc6 13. O-O Ne7 14. c4 Qxd2 15.
Nxd2 b6 16. a4 f5 17. Bg5 Re8 18. Bf3 fxe4 19. Nxe4 Nf5 20. Nf6+ Bxf6 21. Bxf6
Bb7 22. d6 Nxd6 23. Rfd1 Bxf3 24. Rxd6 Rf8 25. Bg5 Bb7 26. a5 Ba6 27. axb6 axb6
28. Rxe6 Rab8 29. h3 Rfe8 30. Rd6 Re4 31. Rb1 Bxc4 32. Rbxb6 Rxb6 1/2-1/2

[Event "St Louis Fall B 2019"]
[Site "Saint Louis USA"]
[Date "2019.09.17"]
[Round "8.1"]
[White "Zierk, Steven"]
[Black "Fier, Alexandr"]
[Result "0-1"]
[WhiteTitle "GM"]
[BlackTitle "GM"]
[WhiteElo "2517"]
[BlackElo "2549"]
[WhiteFideId "2034255"]
[BlackFideId "2107139"]
[EventDate "2019.09.10"]

1. e4 c5 2. Nf3 a6 3. c3 d5 4. exd5 Nf6 5. d4 cxd4 6. cxd4 Nxd5 7. Nc3 Nc6 8.
Bc4 Be6 9. Bb3 Na5 10. Ng5 Qd7 11. Bc2 Bg4 12. f3 Bf5 13. Be4 Nxc3 14. bxc3 h6
15. Bxf5 Qxf5 16. Ne4 Qb5 17. Kf2 e6 18. Bf4 Qc6 19. Qe2 Be7 20. Rac1 b5 21. Nd2
Rc8 22. a4 bxa4 23. Qe5 Nb3 24. Nxb3 Bf6 25. Qa5 axb3 26. Qb4 Qc4 27. Bd6 Qxb4
28. Bxb4 Be7 29. Rb1 Bxb4 30. cxb4 Rc2+ 31. Ke3 b2 32. Rhd1 Rxg2 33. Rd2 Rxd2
34. Kxd2 Ke7 35. Rxb2 Rb8 36. Kc3 g5 37. Ra2 Rb6 38. Ra5 f5 39. d5 exd5 40. Rxd5
Rc6+ 41. Kb3 Ke6 42. Ra5 h5 43. h3 Kf6 44. Rd5 g4 45. fxg4 hxg4 46. hxg4 fxg4
47. Ka4 Kg6 48. Ka5 Kh6 49. Re5 Rg6 50. Rc5 g3 51. Rc3 g2 52. Rc1 Kg5 0-1

[Event "St Louis Fall B 2019"]
[Site "Saint Louis USA"]
[Date "2019.09.17"]
[Round "8.2"]
[White "Grigoryan, Avetik"]
[Black "Hambleton, Aman"]
[Result "1-0"]
[WhiteTitle "GM"]
[BlackTitle "GM"]
[WhiteElo "2568"]
[BlackElo "2492"]
[WhiteFideId "13302191"]
[BlackFideId "2606577"]
[EventDate "2019.09.10"]

1. e4 e6 2. d4 d5 3. Bd3 Nc6 4. Nf3 Nb4 5. Nc3 Nxd3+ 6. cxd3 c6 7. O-O Bd6 8.
Re1 Ne7 9. Bg5 f6 10. Bh4 O-O 11. Qd2 Bd7 12. Rac1 Rc8 13. Bg3 Bxg3 14. hxg3 h6
15. b4 g5 16. a4 Kg7 17. a5 Ng6 18. Na4 b6 19. Ra1 c5 20. axb6 axb6 21. bxc5
Bxa4 22. Rxa4 bxc5 23. dxc5 Rxc5 24. Nd4 Re8 25. Qe3 Qd7 26. Ra6 Rcc8 27. Ra7
Qxa7 28. Nxe6+ Rxe6 29. Qxa7+ Re7 30. Qd4 dxe4 31. dxe4 Rce8 32. f3 Ne5 33. Ra1
Rd7 34. Qb6 Rf7 35. Ra6 Nd7 36. Qd4 Nf8 37. f4 Re6 38. Ra8 Rfe7 39. Ra4 Rd7 40.
Ra7 Ree7 41. Rxd7 Rxd7 42. Qa4 Re7 43. Kf2 Rf7 44. Kf3 Nd7 45. Qb5 Kh7 46. Qf5+
Kg7 47. Kg4 Re7 48. Kh5 Nf8 49. Qc5 Ng6 50. e5 gxf4 51. exf6+ Kxf6 52. Kxh6 Re6
53. g4 Ne5 54. Qd4 Kf7+ 55. Kh7 Re7 56. Qxf4+ Ke6+ 57. Kh6 Rf7 58. Qa4 Rf6+ 59.
Kh5 Rf8 60. Qb3+ Kf6 61. g5+ Kg7 62. Qb7+ Rf7 63. Qb2 Re7 64. g6 Kf6 65. Kh6 Kf5
66. g7 Ng4+ 67. Kh5 1-0

[Event "St Louis Fall B 2019"]
[Site "Saint Louis USA"]
[Date "2019.09.17"]
[Round "8.3"]
[White "Petrosyan, Manuel"]
[Black "Mikhalevski, Victor"]
[Result "1/2-1/2"]
[WhiteTitle "GM"]
[BlackTitle "GM"]
[WhiteElo "2613"]
[BlackElo "2578"]
[WhiteFideId "13300857"]
[BlackFideId "2801914"]
[EventDate "2019.09.10"]

1. c4 Nf6 2. Nc3 d5 3. cxd5 Nxd5 4. g3 g6 5. Bg2 Nxc3 6. bxc3 Bg7 7. h4 h6 8.
Rb1 Nc6 9. Nh3 O-O 10. Nf4 Na5 11. Qa4 c6 12. d4 Bd7 13. O-O c5 14. Qa3 cxd4 15.
cxd4 Rc8 16. Nd5 Re8 17. Bf4 Bc6 18. Rbc1 Bf8 19. Bc7 Rxc7 20. Nxc7 Qxc7 21. d5
e6 22. Qe3 h5 23. dxc6 bxc6 24. Rfd1 c5 25. Qd3 c4 26. Qd7 Rc8 27. Qxc7 Rxc7 28.
Rd8 Kg7 29. e3 Ba3 30. Rc2 c3 31. Bf1 Bb2 32. Rd4 Kf6 33. Bd3 Ke7 34. Kf1 Rc5
35. Rb4 Kd6 36. Ke2 f5 37. f4 Nc6 38. Ra4 a5 39. a3 Nb8 40. Bc4 Nd7 41. Bb3 Ke7
42. Rc4 Rxc4 43. Bxc4 Nc5 44. Kd1 1/2-1/2

[Event "St Louis Fall B 2019"]
[Site "Saint Louis USA"]
[Date "2019.09.17"]
[Round "8.5"]
[White "Hakobyan, Aram"]
[Black "Quesada Perez, Yasser"]
[Result "1/2-1/2"]
[WhiteTitle "GM"]
[BlackTitle "GM"]
[WhiteElo "2550"]
[BlackElo "2572"]
[WhiteFideId "13306677"]
[BlackFideId "3509362"]
[EventDate "2019.09.10"]

1. Nf3 d5 2. g3 Nf6 3. Bg2 c6 4. O-O Bf5 5. d3 e6 6. Nh4 Bg4 7. h3 Bh5 8. f4 Be7
9. Qe1 Nfd7 10. Nf3 O-O 11. e4 f6 12. Kh2 Bf7 13. Be3 c5 14. c3 Nc6 15. Nbd2 b5
16. d4 b4 17. f5 bxc3 18. fxe6 Bxe6 19. bxc3 dxe4 20. Nxe4 Qa5 21. dxc5 Bc4 22.
Nd4 Nce5 23. c6 Nb6 24. Nf5 Ba3 25. Rg1 Nf3+ 26. Bxf3 Qxf5 27. Qf2 Bd5 28. Qg2
Rfe8 29. Bxb6 Bxe4 30. Bxe4 Rxe4 31. Bd4 Qe6 32. Bf2 Qxc6 33. Rge1 Rc4 1/2-1/2

[Event "St Louis Fall B 2019"]
[Site "Saint Louis USA"]
[Date "2019.09.18"]
[Round "9.1"]
[White "Quesada Perez, Yasser"]
[Black "Zierk, Steven"]
[Result "1-0"]
[WhiteTitle "GM"]
[BlackTitle "GM"]
[WhiteElo "2572"]
[BlackElo "2517"]
[WhiteFideId "3509362"]
[BlackFideId "2034255"]
[EventDate "2019.09.10"]

1. e4 e6 2. d4 d5 3. Nc3 Bb4 4. Ne2 dxe4 5. a3 Bxc3+ 6. Nxc3 Nc6 7. Bf4 Nf6 8.
Bb5 Nd5 9. Bxc6+ bxc6 10. Qd2 Nxf4 11. Qxf4 Qxd4 12. Qxc7 O-O 13. Rd1 Qb6 14.
Qxb6 axb6 15. Rd6 Bb7 16. Ke2 f5 17. Rhd1 e5 18. Rd7 Rf7 19. Rxf7 Ba6+ 20. Ke1
Kxf7 21. Rd7+ Kf8 22. b3 Bc8 23. Rc7 Be6 24. Rxc6 Bd7 25. Rc7 Be8 26. a4 Rd8 27.
b4 f4 28. a5 bxa5 29. bxa5 Ra8 30. Rc5 e3 31. fxe3 fxe3 32. Nd5 Rb8 33. Nxe3 Rb5
34. Rxb5 Bxb5 35. c4 Ba6 36. Nd5 Bxc4 37. Nc7 Bd3 38. a6 Be4 39. Kf2 1-0

[Event "St Louis Fall B 2019"]
[Site "Saint Louis USA"]
[Date "2019.09.18"]
[Round "9.2"]
[White "Kadric, Denis"]
[Black "Hakobyan, Aram"]
[Result "1/2-1/2"]
[WhiteTitle "GM"]
[BlackTitle "GM"]
[WhiteElo "2558"]
[BlackElo "2550"]
[WhiteFideId "14403803"]
[BlackFideId "13306677"]
[EventDate "2019.09.10"]

1. e4 e5 2. Nf3 Nc6 3. Bc4 Bc5 4. O-O d6 5. d3 a6 6. c3 Nf6 7. Nbd2 Ba7 8. Bb3
O-O 9. Re1 Ng4 10. Rf1 Kh8 11. h3 Nh6 12. g4 Ne7 13. Nh2 Ng6 14. Ndf3 c6 15. d4
f6 16. Re1 Nf7 17. Be3 Ng5 18. Nxg5 fxg5 19. dxe5 Nxe5 20. Bxa7 Rxa7 21. Qd4 c5
22. Qe3 b6 23. Bd5 Qf6 24. Rad1 Re7 25. Rd2 Qh6 26. Qg3 Ree8 27. Re3 Rf4 28. c4
Ref8 29. Rb3 b5 30. cxb5 axb5 31. Ra3 b4 32. Ra8 Qf6 33. Re2 Qg6 34. Re3 h5 35.
f3 Qf6 36. Qg2 Nd7 37. Rd3 h4 38. Qe2 Ne5 39. Re3 Bd7 40. Rxf8+ Qxf8 41. a3 Qb8
42. Qd2 Ba4 1/2-1/2

[Event "St Louis Fall B 2019"]
[Site "Saint Louis USA"]
[Date "2019.09.18"]
[Round "9.3"]
[White "Mikhalevski, Victor"]
[Black "Shtembuliak, Evgeny"]
[Result "1/2-1/2"]
[WhiteTitle "GM"]
[BlackTitle "GM"]
[WhiteElo "2578"]
[BlackElo "2548"]
[WhiteFideId "2801914"]
[BlackFideId "14113325"]
[EventDate "2019.09.10"]

1. Nf3 g6 2. d4 Bg7 3. c4 d6 4. Nc3 c5 5. dxc5 Bxc3+ 6. bxc3 dxc5 7. Qxd8+ Kxd8
8. g3 Nc6 9. Bg2 Nf6 10. Be3 Nd7 11. Ng5 Nce5 12. h4 h6 13. f4 hxg5 14. fxe5
Nxe5 15. O-O-O+ Kc7 16. Rd5 Nc6 17. Bxg5 f6 18. Bf4+ e5 19. Be3 Bg4 20. Bxc5
Rad8 21. Rf1 f5 22. e4 b6 23. Ba3 Rhe8 24. Bf3 Bxf3 25. Rxf3 Na5 26. exf5 gxf5
27. Rxf5 Nxc4 28. Rf7+ Kc6 29. Rxd8 Rxd8 30. Bf8 Kd5 31. Bh6 Ke6 32. Rf3 Rg8 33.
Bd2 e4 34. Rf4 Ke5 35. Be1 Ne3 36. c4 Kd4 37. Kd2 Nxc4+ 38. Ke2 Ne5 39. h5 Nd3
40. Bf2+ Nxf2 41. Kxf2 Kd3 1/2-1/2

[Event "St Louis Fall B 2019"]
[Site "Saint Louis USA"]
[Date "2019.09.18"]
[Round "9.5"]
[White "Fier, Alexandr"]
[Black "Grigoryan, Avetik"]
[Result "1/2-1/2"]
[WhiteTitle "GM"]
[BlackTitle "GM"]
[WhiteElo "2549"]
[BlackElo "2568"]
[WhiteFideId "2107139"]
[BlackFideId "13302191"]
[EventDate "2019.09.10"]

1. c4 Nf6 2. Nc3 g6 3. d4 Bg7 4. e4 d6 5. Be2 O-O 6. Nf3 e5 7. d5 a5 8. Bg5 h6
9. Be3 Ng4 10. Bd2 f5 11. exf5 gxf5 12. h3 Nf6 13. Qc1 Kh7 14. g4 Na6 15. gxf5
Bxf5 16. Nh4 Qd7 17. Nxf5 Qxf5 18. Qb1 Qxb1+ 19. Rxb1 c6 20. a3 cxd5 21. Nxd5
Nxd5 22. cxd5 Nc5 23. Be3 e4 24. O-O Rf5 25. Rfd1 h5 26. Bc4 Rg8 27. Kf1 Bh6 28.
Bxc5 dxc5 29. d6 Rgf8 30. d7 Rxf2+ 31. Ke1 Rh2 32. d8=Q Rh1+ 33. Ke2 Rh2+ 34.
Ke1 Rh1+ 35. Ke2 Rh2+ 1/2-1/2